Sports Quiz

Random Sports or NHL Quiz

Big 4 Teams: Not in That City! Quiz Stats

Quiz Updated Dec 16, 2017

Challenge
Share
Tweet
Embed
Score 0/0 Timer 00:00
19 Plays Today
Question Answer Wrong Answers
Philadelphia Nets
93.2%
Flyers
1.6%
Phillies
1.2%
Eagles
1.3%
Pittsburgh 76ers
92.5%
Pirates
1.9%
Steelers
1.2%
Penguins
1.7%
Dallas Grizzlies
92.4%
Cowboys
1.1%
Stars
2.2%
Mavericks
1.6%
Atlanta Panthers
92.2%
Hawks
1.6%
Braves
2.1%
Falcons
1.4%
Cleveland Blue Jackets
91.8%
Indians
2.7%
Cavaliers
1.4%
Browns
1.4%
Boston Browns
91.7%
Red Sox
1.8%
Celtics
1.3%
Bruins
2.2%
Houston Spurs
90.9%
Texans
2.8%
Rockets
2%
Astros
1.6%
Miami Magic
90.6%
Marlins
4%
Dolphins
1.2%
Heat
1.6%
Detroit Brewers
90.6%
Lions
2%
Pistons
1.7%
Red Wings
3%
New York City Bills
90.2%
Knicks
1.1%
Mets
1.3%
Islanders
4.8%
Los Angeles Ducks
89.6%
Rams
3.8%
Clippers
2.4%
Dodgers
1.5%
Toronto Sabres
89.3%
Blue Jays
2.6%
Maple Leafs
2.7%
Raptors
2.6%
Denver Jazz
88.5%
Avalanche
4.6%
Broncos
1.4%
Rockies
2.9%
Chicago Red Sox
88%
White Sox
4%
Bulls
1.5%
Blackhawks
3.8%
Washington, D.C. Senators
83.9%
Nationals
3.4%
Capitals
5.2%
Wizards
4.9%
Minneapolis Bucks
83.9%
Timberwolves
6.2%
Twins
2.8%
Vikings
4.4%

You're not logged in!

Compare scores with friends on all Sporcle quizzes.
Sign Up with Email
OR
Log In

You Might Also Like...

Show Comments

Extras

Top Quizzes Today


Score Distribution

Your Account Isn't Verified!

In order to create a playlist on Sporcle, you need to verify the email address you used during registration. Go to your Sporcle Settings to finish the process.

Report this User

Report this user for behavior that violates our Community Guidelines.

Details: